00273pam a2200121 a 4500020000500000041000800005082000800013100001800021245005600039250001000095260003300105300001300138 c aeng bOMR aOmar, m Ali . aElementary Solid state physics hTextual Documents a1999. aNew DelhibPearson Education a669 pg .